Comparison of model predictive algorithms for a distillation column
Salvato in:
| Autore principale: | |
|---|---|
| Altri autori: | |
| Natura: | Manoscritto Libro |
| Lingua: | inglese |
| Pubblicazione: |
STU v Bratislave MTF UIAM,
2010
|
| Soggetti: | |
| Accesso online: | VAIS |
| Tags: |
Nessun Tag, puoi essere il primo ad aggiungerne!!
|
MARC
| LEADER | 00000ntm a22000003a 4500 | ||
|---|---|---|---|
| 001 | stu206326 | ||
| 005 | 20160719160309.2 | ||
| 008 | 100702s2010------------------------eng-d | ||
| 040 | |a STU |b slo | ||
| 041 | 0 | |a eng | |
| 100 | 1 | |a Miština, František, |d 1985- |4 aut |X 24637 |7 A000024637 | |
| 242 | 0 | 0 | |a Porovnanie modelovo prediktívneho algoritmu pre destilačnú kolónu |y slo |
| 245 | 1 | |a Comparison of model predictive algorithms for a distillation column | |
| 260 | |b STU v Bratislave MTF UIAM, |c 2010 | ||
| 650 | 7 | |a model predictive control |2 estusub | |
| 650 | 7 | |a distillation column |2 estusub | |
| 700 | 1 | |a de Brabanter, Jos |4 xxx |X 5404 |7 A000005404 | |
| 856 | 4 | |a info a plný text |u http://is.stuba.sk/zp/portal_zp.pl?podrobnosti=75238 |3 VAIS | |
| 996 | |c M*DP-9225 |l MMSKP |s P |a 0 |w stu206326_0001 | ||